Κοινωνιολογική προσέγγιση του ελεύθερου χρόνου των εφήβων : διπλωματική εργασία [μεταπτυχιακή εργασία]

Αποθηκεύτηκε σε:
Λεπτομέρειες βιβλιογραφικής εγγραφής
Κύριος συγγραφέας: Μάλιακκα, Ελένη-Δέσποινα
Συγγραφή απο Οργανισμό/Αρχή: Πανεπιστήμιο Αιγαίου Σχολή Ανθρωπιστικών Επιστημών Τμήμα Επιστημών της Προσχολικής Αγωγής και του Εκπαιδευτικού Σχεδιασμού Πρόγραμμα Μεταπτυχιακών Σπουδών Φύλο και Νέα Εκπαιδευτικά και Εργασιακά Περιβάλλοντα στην Κοινωνία της Πληροφορίας
Άλλοι συγγραφείς: Βρυωνίδης, Μάριος (Εισηγητής διατριβής)
Μορφή: Thesis Βιβλίο
Γλώσσα:Greek
Δημοσίευση: 2012
Θέματα:
Διαθέσιμο Online:http://hdl.handle.net/11610/13931
Ετικέτες: Προσθήκη ετικέτας
Δεν υπάρχουν, Καταχωρήστε ετικέτα πρώτοι!

MARC

LEADER 00000cam a2200000 i 4500
001 1/26721
008 130227s2012 gre d
035 |l 10113883 
040 |a GR-MY-UA  |b gre  |e aacr 
041 0 |a gre 
082 0 |a 306.4812  |2 (22) 
100 1 |a Μάλιακκα, Ελένη-Δέσποινα. 
245 1 0 |a Κοινωνιολογική προσέγγιση του ελεύθερου χρόνου των εφήβων :  |b διπλωματική εργασία [μεταπτυχιακή εργασία] /  |c Μάλιακκα Ελένη-Δέσποινα ; επιβλέπων: Βρυωνίδης Μάριος 
260 |c 2012 
300 |a 86 σ.;  |c 30 εκ. 
500 |a Μέλη εξεταστικής επιτροπής: Γκασούκα Μαρία, Γουβιάς Διονύσης 
502 |a Διατριβή (μεταπτυχιακή) – Πανεπιστήμιο Αιγαίου, Ρόδος, 2012. 
504 |a Βιβλιογραφία: σ. 77-81 
650 0 0 |a Leisure  |x Social aspects. 
650 0 0 |a Youth  |x Social aspects. 
650 0 0 |a Recreation  |x Research. 
650 0 0 |a Adolescence. 
650 0 0 |a Dissertations, Academic  |z Greece. 
700 1 |a Βρυωνίδης, Μάριος.  |4 ths 
710 1 |a Πανεπιστήμιο Αιγαίου   |b Σχολή Ανθρωπιστικών Επιστημών   |b Τμήμα Επιστημών της Προσχολικής Αγωγής και του Εκπαιδευτικού Σχεδιασμού   |b Πρόγραμμα Μεταπτυχιακών Σπουδών Φύλο και Νέα Εκπαιδευτικά και Εργασιακά Περιβάλλοντα στην Κοινωνία της Πληροφορίας. 
852 |a INST  |b RHODES  |c DIATR  |e 20130227  |h 306.4812 ΜΑΛ  |p 005400034961  |q 005400034961  |t MTXE  |y 23 
852 |a INST  |b RHODES  |c DIATR  |e 20130227  |h 306.4812 ΜΑΛ  |p 005400034962  |q 005400034962  |t MTXE  |y 23 
856 |u http://hdl.handle.net/11610/13931 
901 |a BIBL4-2013-1 
909 |a Ρ  |b 176491 
909 |a Ρ  |b 176492 
924 |a ΜΑΛΙΑΚΚΑ  |b ΕΛΕΝΗ-ΔΕΣΠΟΙΝΑ  |y ΡΟΔΟΣ  |z 2012 
970 |z 2013/02/27